[Event "Condigne Dutch Open 2018"]
[Site "Dieren"]
[Date "2018.07.24"]
[Round "1"]
[White "Floor, Dirk"]
[Black "Loginov, Valery A"]
[Result "0-1"]
[WhiteElo "2196"]
[BlackElo "2493"]
[Annotator "TA"]
[PlyCount "92"]
[EventDate "2018.07.24"]
[EventType "swiss"]
[EventCountry "NED"]
[SourceTitle "playchess.com"]
[Source "ChessBase"]
[SourceQuality "1"]

{[%evp 15,92,14,15,22,25,22,22,22,24,16,42,31,39,22,42,41,64,60,58,41,56,54,89,58,69,27,22,0,0,0,42,-46,-25,-32,-33,-63,-49,-26,-38,-66,-27,-88,-82,-82,-56,-44,-36,-22,-39,-39,-7,-64,-56,-192,-64,-82,-82,-82,-82,-82,-82,-367,-367,-364,-347,-366,-382,-386,-375,-348,-360,-359,-353,-416,-400,-484,-485,-493,-514]} 1. d4 Nf6 2. c4 e6 3. Nf3 Bb4+ 4. Bd2 Qe7 5. Nc3 b6 6. e3 Bb7 7. Be2 O-O 8. O-O d6 {LiveBook: 6 Games. E11: Bogo-Indian} 9. a3 (9. Rc1 Bxc3 10. Bxc3 Ne4 11. Qc2 Nd7 12. Rfd1 f5 13. Be1 a5 14. Nd2 Nxd2 15. Qxd2 e5 16. f3 {0-1 (66) Dzagnidze,N (2529)-Ju,W (2558) Tehran 2016 CBM 171 [CB]}) 9... Bxc3 $1 10. Bxc3 Ne4 {The position is equal.} 11. Be1 Nd7 12. Nd2 {[%cal Bf3d2,Bd2b3,Bb3d4,Bd4e6][%mdl 32]} f5 $146 ({Predecessor:} 12... Nxd2 13. Bxd2 f5 14. f3 Nf6 15. Rc1 h6 16. Qb3 Rad8 17. Rfd1 g5 18. Rf1 {1-0 (35) Couderc,C (2036)-Dessigny,E Bethune 2001}) 13. f3 Nef6 14. b4 e5 15. d5 f4 16. exf4 exf4 17. Nb3 Rae8 18. Nd4 Ne5 19. Ne6 Rf7 20. Qd4 c5 21. bxc5 bxc5 22. Qd2 Nh5 23. Bf2 (23. g4 $14 Nf6 24. Nxf4) 23... Bc8 24. Rad1 Qf6 25. Rfe1 Bxe6 26. dxe6 Rxe6 27. Qd5 Qe7 28. Bh4 (28. Qd2 $11 {keeps the balance.}) 28... Nf6 $17 29. Bxf6 Rexf6 30. Bd3 g5 {[%cal Bg7g5,Bg5g4][%mdl 32]} 31. Be4 Kg7 32. Rb1 Qd7 33. Bc2 (33. Rb5 $11) 33... g4 34. Kh1 {[#]} ({White should play} 34. Be4 $15) 34... Kh6 ({Black should try} 34... Qe7 $1 $19 35. Be4 Rh6 36. fxg4 Qh4) 35. Rbd1 Qb7 {And now ...Qxd5 would win.} 36. Be4 Qxd5 37. Bxd5 Rg7 38. Re4 $2 {[%mdl 8192]} (38. a4 $17) 38... gxf3 $19 39. gxf3 Nxf3 {Strongly threatening ...Ng5.} 40. Rf1 {[#]} Rfg6 $1 {[%cal Rg6g1] ( -> ...Rg1+)} 41. Re6 Rxe6 42. Bxe6 Nd4 43. Bd5 Kg5 44. Rg1+ Kf6 45. Rf1 Kf5 46. Re1 f3 {Precision: White = 38%, Black = 45%.} 0-1

[Event "Condigne Dutch Open 2018"]
[Site "Dieren"]
[Date "2018.07.24"]
[Round "1"]
[White "Vogel, Jaap"]
[Black "Anurag, Mhamal"]
[Result "1-0"]
[WhiteElo "2187"]
[BlackElo "2484"]
[Annotator "TA"]
[PlyCount "66"]
[EventDate "2018.07.24"]
[EventType "swiss"]
[EventCountry "NED"]
[SourceTitle "playchess.com"]
[Source "ChessBase"]
[SourceQuality "1"]

{[%evp 19,66,16,10,-12,-7,-4,0,0,-9,-33,-46,-53,-37,-41,1,-8,23,12,14,17,18,17,50,44,62,32,54,64,137,141,104,126,108,127,91,13,130,125,203,208,240,224,614,448,423,390,602,516,964]} 1. d4 Nf6 2. Nf3 g6 3. g3 Bg7 4. Bg2 c5 5. c4 O-O 6. O-O d5 7. cxd5 cxd4 8. Nxd4 Nxd5 {[%cal Bf6d5,Bd5b4,Bb4c2][%mdl 32]} 9. Nb3 {D73: Fianchetto Grünfeld: 5 Nf3} Nb4 (9... e6 10. Nc3 Nc6 11. Bd2 Nxc3 12. Bxc3 Bxc3 13. bxc3 Qc7 14. c4 Rd8 15. Qc1 Bd7 16. Qe3 Ne7 17. Rfd1 Bc6 18. Rxd8+ Qxd8 19. Rc1 {½-½ (19) Mamedyarov,S (2809)-Grischuk,A (2767) Moscow 2018}) 10. Nc3 N8c6 {LiveBook: 3 Games} 11. a3 {The position is equal.} Qxd1 $146 ({Predecessor:} 11... Na6 12. Be3 Be6 13. Nc5 Nxc5 14. Bxc5 Nd4 15. Bxd4 Bxd4 16. Rc1 Rb8 {½-½ (40) Borngaesser,R-Beliavsky,A Groningen 1970}) 12. Rxd1 (12. Nxd1 $2 {perishes.} Nc2 $19) 12... Nc2 {And now ...Be6 would win.} 13. Rb1 Bf5 14. e4 Bg4 15. f3 Be6 16. Nd5 f5 17. Bf4 fxe4 18. fxe4 Bg4 19. Rd2 N2d4 20. Nxd4 $1 Nxd4 21. Nxe7+ Kh8 {With the idea ...Ne2+.} 22. Nd5 Rac8 23. h3 $36 {[%mdl 2048] White is more active.} Bxh3 (23... Ne2+ $14 24. Kh2 Nxf4 25. Nxf4 (25. hxg4 Ne6 $14) 25... g5) 24. Bxh3 $16 {Strongly threatening Rf1.} Nf3+ 25. Kh1 Nxd2 26. Bxd2 Rc2 27. Bc3 (27. Bf4 $16) 27... Rff2 {[#]} (27... Bxc3 $11 {keeps the balance.} 28. bxc3 b6) 28. Bf1 $1 Rf3 {[#]} (28... Bxc3 $16 {might work better.} 29. bxc3 Rb2) 29. e5 $1 $18 {[%cal Re5e6] aiming for e6.} Rf5 30. Re1 Rcf2 $2 (30... Rxc3 31. bxc3 Rxe5) 31. Bh3 Rh5 32. Kg1 Rf8 (32... Rf3 $142 33. Kg2 Rxc3) 33. Bd7 Rg8 {Precision: White = 64%, Black = 28%.} (33... Rg5 $142 34. e6 Bxc3) 1-0

[Event "Condigne Dutch Open 2018"]
[Site "Dieren"]
[Date "2018.07.24"]
[Round "1"]
[White "Pols, Wiggert"]
[Black "Beerdsen, Thomas"]
[Result "0-1"]
[WhiteElo "2177"]
[BlackElo "2469"]
[Annotator "TA"]
[PlyCount "50"]
[EventDate "2018.07.24"]
[EventType "swiss"]
[EventCountry "NED"]
[SourceTitle "playchess.com"]
[Source "ChessBase"]
[SourceQuality "1"]

{[%evp 11,49,-17,-11,-70,-70,-91,-58,-79,-27,-103,-96,-97,-73,-76,-29,-144,-147,-204,-205,-237,-242,-320,-260,-236,-212,-413,-407,-583,-533,-732,-736,-718,-649,-660,-664,-667,-662,-29998,-29999,-29999]} 1. e4 e6 2. Nf3 c5 3. b4 cxb4 4. d4 Nf6 5. Bd3 d5 6. e5 {B40: Sicilian: 2...e6, Unusual lines} Ne4 {LiveBook: 13 Games} 7. Bxe4 ({White should play} 7. O-O $11) (7. O-O Nc6 8. a3 f5 9. exf6 Qxf6 10. Be3 Bd7 11. axb4 Bxb4 12. c3 Nxc3 13. Nxc3 Bxc3 {½-½ (35) Zvjaginsev,V (2664)-Neverov,V (2519) St Petersburg 2010}) 7... dxe4 $15 8. Ng5 {Black is slightly better.} Qd5 9. O-O h6 (9... Be7 $17 10. c4 Qxc4 11. Nxe4 Nc6) 10. c4 $146 (10. Nh3 $11) ({Predecessor:} 10. Nh3 g5 11. a3 Nc6 12. Be3 b6 13. axb4 Nxb4 {1-0 (69) Orenda,O (2120)-Levar,N (2181) Rijeka 2008}) 10... Qxc4 $17 11. Nxe4 Nc6 $36 {[%mdl 2048] Black has strong initiative.} 12. Be3 Qd5 13. Ng3 {[#]} (13. Qg4 $11 {remains equal.}) 13... b6 $1 14. Qg4 (14. Nd2 $17) 14... Bb7 $19 {And now ...Nxd4! would win.} 15. Nh5 O-O-O 16. a3 Kb8 {[%cal Rc6d4]} 17. axb4 Bxb4 {[%cal Rc6d4]} 18. Nf4 $2 (18. Rd1) 18... Qe4 {White must now prevent ...g5.} 19. d5 (19. Nd2 $142 Bxd2 20. Bxd2) 19... g5 20. Ra4 gxf4 21. Nc3 Qc4 22. Rc1 Qb3 23. Qxf4 Bxc3 24. dxc6 {[#] Now c7+! and White clings on.} Qd1+ $1 {[%mdl 512]} 25. Rxd1 Rxd1# {Precision: White = 13%, Black = 60%.} 0-1

[Event "Condigne Dutch Open 2018"]
[Site "Dieren"]
[Date "2018.07.24"]
[Round "1"]
[White "Go, Benjamin"]
[Black "Warmerdam, Max"]
[Result "0-1"]
[WhiteElo "2162"]
[BlackElo "2424"]
[Annotator "TA"]
[PlyCount "80"]
[EventDate "2018.07.24"]
[EventType "swiss"]
[EventCountry "NED"]
[SourceTitle "playchess.com"]
[Source "ChessBase"]
[SourceQuality "1"]

{[%evp 9,79,33,52,40,38,36,79,60,73,18,70,-130,-118,-121,-135,-133,-132,-122,-127,-127,-134,-127,-127,-167,-162,-177,-170,-185,-189,-209,-202,-205,-198,-208,-207,-265,-238,-217,-173,-182,-172,-211,-177,-284,-279,-282,-274,-776,-775,-783,-762,-29994,-29988,-29988,-29989,-29989,-29976,-29987,-29988,-29989,-29990,-29990,-29991,-29991,-29992,-29991,-29992,-29992,-29990,-29993,-29994,-29999]} 1. e4 c5 2. b4 b6 3. Nf3 Bb7 4. bxc5 bxc5 5. Nc3 Nc6 6. Rb1 {B20: Sizilianisch} Rb8 7. Bc4 g6 8. O-O {Weiß steht besser.} Bg7 9. a4 $146 (9. Re1 $16) ({Vorgänger:} 9. Rb5 Nh6 10. Rxc5 O-O {1-0 (21) Buecker,S (2355)-Quinn,J (2143) Bad Woerishofen 2010}) 9... d6 (9... Nh6 $11) 10. Bxf7+ $2 {[#]} (10. e5 $14 {bleibt weiter vorne.}) 10... Kxf7 $17 11. Ng5+ Ke8 12. Ne6 Qd7 13. Nxg7+ Kf8 14. Nh5 gxh5 15. Nd5 Nf6 16. d3 Qg4 17. f3 Qg6 18. Nf4 Qf7 19. c3 Kg7 20. d4 Ba6 21. Rxb8 Rxb8 22. Rf2 cxd4 23. cxd4 e5 24. d5 Nd4 25. Bb2 Nd7 ({Auf keinen Fall} 25... exf4 26. Bxd4 Kg6 27. Rc2 $17) 26. Bxd4 (26. Ne6+ {war angesagt.} Nxe6 27. dxe6 Qxe6 28. Rd2) 26... Qxf4 $19 27. g3 Qh6 28. Rc2 $2 {[#]} (28. Bb2) 28... exd4 29. Qxd4+ Qf6 30. Qxa7 Rb1+ {Schwarz setzt Matt.} 31. Kg2 Bf1+ 32. Kf2 Bh3 33. f4 Rb2 34. Rxb2 Qxb2+ 35. Ke3 Qc3+ 36. Ke2 Bg4+ 37. Kf1 Qd3+ 38. Kg2 Qf3+ 39. Kg1 Bh3 {[%csl Gh3][%cal Rf3g2]} 40. a5 Qg2# {Precision: Weiß = 28%, Schwarz = 76%.} 0-1

[Event "Condigne Dutch Open 2018"]
[Site "Dieren"]
[Date "2018.07.24"]
[Round "1"]
[White "Elgersma, Onno"]
[Black "Vrolijk, Liam"]
[Result "0-1"]
[WhiteElo "2150"]
[BlackElo "2419"]
[Annotator "TA"]
[PlyCount "88"]
[EventDate "2018.07.24"]
[EventType "swiss"]
[EventCountry "NED"]
[SourceTitle "playchess.com"]
[Source "ChessBase"]
[SourceQuality "1"]

{[%evp 13,88,28,37,33,33,24,41,9,25,25,39,50,66,67,80,88,97,-8,0,-85,-74,-97,-76,-85,-61,-87,-33,-70,-44,-68,-82,-46,-11,-106,-28,-155,-152,-156,-151,-177,-182,-305,-305,-287,-277,-408,-404,-400,-369,-459,-443,-510,-498,-772,-773,-793,-788,-753,-721,-648,-376,-724,-727,-725,-704,-687,-683,-686,-647,-29973,-29974,-29968,-5285,-29958,-12000,-29976,-5647]} 1. e4 c6 2. d4 d5 3. e5 Bf5 4. Nf3 e6 5. Be2 Ne7 6. O-O Ng6 {B12: Caro-Kann: Advance Variation} (6... c5 7. c4 Nbc6 8. dxc5 d4 9. Qb3 Qc7 10. Na3 a6 11. Rd1 Rd8 12. Nc2 Bxc2 13. Qxc2 Ng6 14. a3 Bxc5 15. b4 Ba7 {0-1 (55) Vachier Lagrave,M (2789)-Anand,V (2759) Leuven 2018}) 7. Ne1 h5 {LiveBook: 8 Games} 8. c3 c5 {White is slightly better.} 9. Be3 $146 ({Predecessor:} 9. Nc2 cxd4 10. cxd4 Nc6 11. Ne3 Nge7 12. Nc3 Bg6 13. b3 h4 14. Ba3 {0-1 (50) Dempster,D (1623)-Justesen,A (2183) ICCF email 2009}) 9... Nc6 10. Nd2 h4 11. a3 Qb6 12. b4 {[%cal Rb4c5]} cxd4 13. cxd4 f6 ({Don't play} 13... Nxd4 14. Bg4 $16) 14. Nb3 Kf7 15. Qd2 (15. Bd3 $16) 15... a5 $11 {[%cal Ba7a5,Ba5a4][%mdl 32]} 16. b5 (16. Nxa5 $11 Nxb4 17. Nb3) 16... a4 $1 $17 {[%cal Ra4b3]} 17. Nc5 {And now Nd7 would win.} Ncxe5 $1 18. Nxe6 Qxe6 19. dxe5 fxe5 ({Black should try} 19... Nxe5 $17 {...Nc4 is the strong threat.} 20. Nf3 Nxf3+ 21. Bxf3 Be4 22. Bxe4 Qxe4) 20. Nf3 Be7 21. Ng5+ Bxg5 $1 22. Bxg5 Rhc8 (22... h3 $5 {[%cal Rh3g2]} 23. g3 Rac8 $11) 23. Rac1 {[#]} (23. Bf3 $1 $11 {keeps the balance.} e4 24. Bh5) 23... Kg8 (23... h3 $1 $17 24. g3 Kg8) 24. Qb4 (24. h3 $11) 24... h3 25. g3 Kh7 26. g4 {[#]} Be4 $1 27. Rc3 (27. f3 {might work better.} Bc2 28. Qd2) 27... Rxc3 $19 28. Qxc3 Bg2 29. Rd1 (29. Rc1 {is a better defense.}) 29... Rf8 30. Qd3 Kh8 31. Rc1 e4 32. Qg3 d4 33. Bc4 (33. Re1 $142 d3 34. Bd1 (34. Bxd3 $2 Qd5 $19)) 33... Qe5 34. Qxe5 Nxe5 {[%cal Re5f3]} 35. Be2 Bf3 36. Rc5 Nxg4 37. Be7 $2 (37. Bf1 Nxf2 38. Rc4) 37... Re8 (37... Bxe2 $2 38. Bxf8 d3 39. Rh5+ Kg8 40. Bb4 $19) 38. Rh5+ Nh6 39. Bxf3 exf3 {KRB-KRN} (39... Rxe7 $2 40. Bg4 $17) 40. Bb4 Rc8 41. Rc5 Rxc5 42. Bxc5 d3 {( -> ...d2)} 43. Bb4 Ng4 44. Bc3 Kg8 {Precision: White = 29%, Black = 67%.} 0-1

[Event "Condigne Dutch Open 2018"]
[Site "Dieren"]
[Date "2018.07.24"]
[Round "1"]
[White "De Boer, Bas"]
[Black "Beukema, Stefan"]
[Result "0-1"]
[WhiteElo "2139"]
[BlackElo "2404"]
[Annotator "NA"]
[PlyCount "44"]
[EventDate "2018.07.24"]
[EventType "swiss"]
[EventCountry "NED"]
[SourceTitle "playchess.com"]
[Source "ChessBase"]
[SourceQuality "1"]
[TimeControl "40/5400+30:1800+30"]

1. d4 {[%emt 0:00:00]} f5 {[%emt 0:00:08]} 2. g3 {[%emt 0:00:00]} d6 {[%emt 0:00:09]} 3. Nf3 {[%emt 0:00:01]} Nf6 {[%emt 0:00:07]} 4. Bg2 {[%emt 0:00:05]} g6 {[%emt 0:00:06]} 5. O-O {[%emt 0:00:08]} Bg7 {[%emt 0:00:05]} 6. b4 {[%emt 0:00:52]} O-O {[%emt 0:01:07]} 7. Bb2 {[%emt 0:00:05]} Qe8 {[%emt 0:02:22]} 8. c4 {[%emt 0:01:57]} h6 {[%emt 0:00:25]} 9. Nbd2 {[%emt 0:02:39]} g5 {[%emt 0:00:26]} 10. Qc2 {[%emt 0:03:20]} f4 {[%emt 0:04:57]} 11. Rfe1 {[%emt 0:06:39]} Qh5 {[%emt 0:02:07]} 12. e4 {[%emt 0:03:42]} Bh3 {[%emt 0:03:22]} 13. Bh1 {[%emt 0:10:24]} Ng4 {[%emt 0:02:04]} 14. e5 {[%emt 0:10:18]} dxe5 {[%emt 0:02:18]} 15. dxe5 {[%emt 0:00:18]} Nxf2 {[%emt 0:03:17]} 16. Kxf2 {[%emt 0:01:21]} fxg3+ {[%emt 0:02:55]} 17. Kxg3 {[%emt 0:06:42]} Nc6 {[%emt 0:05:20]} 18. c5 {[%emt 0:09:13]} Be6 {[%emt 0:05:24]} 19. Bg2 {[%emt 0:06:27]} Nxb4 {[%emt 0:02:01]} 20. Qe4 {[%emt 0:03:00]} Rf4 {[%emt 0:00:22]} 21. Qxb7 {[%emt 0:01:57]} Raf8 {[%emt 0:04:12]} 22. Re4 {[%emt 0:02:28]} Qh4+ {[%emt 0:00:10]} 0-1

[Event "Condigne Dutch Open 2018"]
[Site "Dieren"]
[Date "2018.07.24"]
[Round "1"]
[White "Godbole, Atharva"]
[Black "Bosboom, Manuel"]
[Result "1/2-1/2"]
[WhiteElo "2128"]
[BlackElo "2403"]
[Annotator "NA"]
[PlyCount "82"]
[EventDate "2018.07.24"]
[EventType "swiss"]
[EventCountry "NED"]
[SourceTitle "playchess.com"]
[Source "ChessBase"]
[SourceQuality "1"]
[TimeControl "40/5400+30:1800+30"]

1. e4 {[%emt 0:00:00]} c5 {[%emt 0:02:51]} 2. Nf3 {[%emt 0:00:06]} a6 {[%emt 0:01:43]} 3. c3 {[%emt 0:03:59]} d5 {[%emt 0:00:32]} 4. exd5 {[%emt 0:00:49]} Nf6 {[%emt 0:00:07]} 5. d4 {[%emt 0:00:47]} cxd4 {[%emt 0:03:56]} 6. Qxd4 {[%emt 0:14:49]} Qxd5 {[%emt 0:03:56]} 7. Bc4 {[%emt 0:04:08]} Qxd4 {[%emt 0:08:23]} 8. Nxd4 {[%emt 0:00:21]} Bd7 {[%emt 0:02:59]} 9. O-O {[%emt 0:11:00]} Nc6 {[%emt 0:03:30]} 10. Nxc6 {[%emt 0:01:02]} Bxc6 {[%emt 0:00:04]} 11. Be3 {[%emt 0:00:58]} Ng4 {[%emt 0:09:48]} 12. Bd4 {[%emt 0:03:55]} h5 {[%emt 0:09:04]} 13. Nd2 {[%emt 0:03:34]} e5 {[%emt 0:14:02]} 14. Bb6 {[%emt 0:11:52]} Bd6 {[%emt 0:18:58]} 15. f3 {[%emt 0:10:04]} Nf6 {[%emt 0:02:04]} 16. Rad1 {[%emt 0:00:42]} Ke7 {[%emt 0:01:57]} 17. Rfe1 {[%emt 0:04:09]} Nd7 {[%emt 0:02:39]} 18. Bf2 {[%emt 0:01:30]} Rac8 {[%emt 0:02:07]} 19. Bb3 {[%emt 0:03:35]} f6 {[%emt 0:00:25]} 20. Nc4 {[%emt 0:02:41]} Bc5 {[%emt 0:00:50]} 21. Bxc5+ {[%emt 0:03:50]} Nxc5 {[%emt 0:00:01]} 22. Nd6 {[%emt 0:00:08]} Rc7 {[%emt 0:01:08]} 23. Nf5+ {[%emt 0:00:13]} Ke8 {[%emt 0:00:03]} 24. Bc2 {[%emt 0:04:01]} h4 {[%emt 0:03:50]} 25. f4 {[%emt 0:04:25]} Nd7 {[%emt 0:01:17]} 26. Nxg7+ {[%emt 0:00:38]} Kf7 {[%emt 0:00:24]} 27. Nf5 {[%emt 0:00:05]} h3 {[%emt 0:01:14]} 28. g3 {[%emt 0:00:46]} Rh5 {[%emt 0:03:15]} 29. Nh4 {[%emt 0:04:00]} Rxh4 {[%emt 0:00:20]} 30. gxh4 {[%emt 0:00:05]} exf4 {[%emt 0:00:13]} 31. Be4 {[%emt 0:00:58]} Ne5 {[%emt 0:00:19]} 32. Bxc6 {[%emt 0:01:09]} bxc6 {[%emt 0:04:31]} 33. Re4 {[%emt 0:00:18]} f3 {[%emt 0:00:00]} 34. Rf1 {[%emt 0:03:45]} Rd7 {[%emt 0:00:00]} 35. Rxe5 {[%emt 0:00:29]} fxe5 {[%emt 0:00:00]} 36. Rxf3+ {[%emt 0:00:07]} Kg6 {[%emt 0:00:00]} 37. Rxh3 {[%emt 0:00:37]} Rd2 {[%emt 0:00:45]} 38. h5+ {[%emt 0:02:00]} Kh6 {[%emt 0:00:14]} 39. Re3 {[%emt 0:00:22]} Rxb2 {[%emt 0:00:07]} 40. Rxe5 {[%emt 0:00:07]} Rxa2 {[%emt 0:30:09]} 41. Rc5 {[%emt 0:30:23]} a5 {[%emt 0:00:14]} 1/2-1/2

[Event "Condigne Dutch Open 2018"]
[Site "Dieren"]
[Date "2018.07.25"]
[Round "2"]
[White "L'Ami, Erwin"]
[Black "Viani Antonio Dcunha"]
[Result "1-0"]
[WhiteElo "2636"]
[BlackElo "2404"]
[Annotator "RC"]
[PlyCount "85"]
[EventDate "2018.07.24"]
[EventType "swiss"]
[EventCountry "NED"]
[SourceTitle "playchess.com"]
[Source "ChessBase"]
[SourceQuality "1"]
[TimeControl "40/5400+30:1800+30"]

1. e4 {[%emt 0:00:00]} e5 {[%emt 0:00:00]} 2. Nf3 {[%emt 0:00:00]} Nc6 {[%emt 0:00:00]} 3. Bb5 {[%emt 0:00:00]} a6 {[%emt 0:00:05]} 4. Ba4 {[%emt 0:00:08]} Nf6 {[%emt 0:00:17]} 5. O-O {[%emt 0:00:21]} b5 {[%emt 0:00:46]} 6. Bb3 {[%emt 0:00:07]} Be7 {[%emt 0:00:39]} 7. Re1 {[%emt 0:02:14]} O-O {[%emt 0:00:51]} 8. h3 {[%emt 0:02:27]} d6 {[%emt 0:03:02]} 9. c3 {[%emt 0:00:14]} Nb8 {[%emt 0:07:13]} 10. d4 {[%emt 0:01:22]} Nbd7 {[%emt 0:00:10]} 11. Nbd2 {[%emt 0:00:22]} Bb7 {[%emt 0:00:39]} 12. Bc2 {[%emt 0:00:14]} Re8 {[%emt 0:00:56]} 13. Nf1 {[%emt 0:00:10]} Bf8 {[%emt 0:01:00]} 14. Ng3 {[%emt 0:00:11]} g6 {[%emt 0:00:41]} 15. a4 {[%emt 0:00:25]} c6 {[%emt 0:03:26]} 16. Bg5 {[%emt 0:05:38]} h6 {[%emt 0:06:14]} 17. Be3 {[%emt 0:00:37]} Qc7 {[%emt 0:03:15]} 18. Qc1 {[%emt 0:09:15]} Kh7 {[%emt 0:00:43]} 19. b4 {[%emt 0:05:01]} Nb6 {[%emt 0:08:02]} 20. Bb3 {[%emt 0:07:21]} Nxa4 {[%emt 0:01:59]} 21. c4 {[%emt 0:01:56]} Bg7 {[%emt 0:10:02]} 22. c5 {[%emt 0:03:09]} dxc5 {[%emt 0:07:33]} 23. bxc5 {[%emt 0:05:28]} exd4 {[%emt 0:14:09]} 24. Bxd4 {[%emt 0:55:20]} Rad8 {[%emt 0:02:59]} 25. e5 {[%emt 0:00:00]} Nd5 {[%emt 0:12:22]} 26. Ne4 {[%emt 0:00:00]} Bc8 {[%emt 0:00:47]} 27. Nd6 {[%emt 0:00:00]} Re7 {[%emt 0:02:07]} 28. Re4 {[%emt 0:00:00]} Be6 {[%emt 0:03:37]} 29. Rh4 {[%emt 0:00:00]} Qd7 {[%emt 0:00:43]} 30. Ng5+ {[%emt 0:00:00]} Kg8 {[%emt 0:00:05]} 31. Nge4 {[%emt 0:00:00]} g5 {[%emt 0:03:50]} 32. Bxd5 {[%emt 0:00:00]} Bxd5 {[%emt 0:01:02]} 33. Nf6+ {[%emt 0:00:00]} Bxf6 {[%emt 0:00:05]} 34. exf6 {[%emt 0:00:00]} Re1+ {[%emt 0:01:35]} 35. Qxe1 {[%emt 0:00:00]} gxh4 {[%emt 0:00:03]} 36. f3 {[%emt 0:00:00]} Kh7 {[%emt 0:02:43]} 37. Qxh4 {[%emt 0:00:00]} Rg8 {[%emt 0:00:09]} 38. Re1 {[%emt 0:00:00]} Qd8 {[%emt 0:00:31]} 39. Re7 {[%emt 0:00:00]} Qf8 {[%emt 0:02:09]} 40. Re8 {[%emt 0:00:00]} Qxe8 {[%emt 0:00:33]} 41. Nxe8 {[%emt 0:16:27]} Rg6 {[%emt 0:03:10]} 42. Qf2 {[%emt 0:00:00]} b4 {[%emt 0:00:25]} 43. Nc7 {[%emt 0:00:00]} 1-0

[Event "Condigne Dutch Open 2018"]
[Site "Dieren"]
[Date "2018.07.25"]
[Round "2"]
[White "Reinderman, Dimitri"]
[Black "Schoppen, Casper"]
[Result "0-1"]
[WhiteElo "2575"]
[BlackElo "2395"]
[Annotator "ChessBase"]
[PlyCount "92"]
[EventDate "2018.07.24"]
[EventType "swiss"]
[EventCountry "NED"]
[SourceTitle "playchess.com"]
[Source "ChessBase"]
[SourceQuality "1"]
[TimeControl "40/5400+30:1800+30"]

1. Nf3 {[%emt 0:00:00]} d5 {[%emt 0:00:26]} 2. c4 {[%emt 0:00:00]} d4 {[%emt 0:00:22]} 3. b4 {[%emt 0:00:04]} g5 {[%emt 0:02:34]} 4. Bb2 {[%emt 0:00:49]} Bg7 {[%emt 0:02:37]} 5. Nxg5 {[%emt 0:00:18]} e5 {[%emt 0:00:35]} 6. Ne4 {[%emt 0:01:02]} f5 {[%emt 0:01:12]} 7. Nc5 {[%emt 0:00:57]} b6 {[%emt 0:14:48]} 8. Nd3 {[%emt 0:03:14]} Ne7 {[%emt 0:16:40]} 9. e3 {[%emt 0:07:56]} O-O {[%emt 0:07:41]} 10. c5 {[%emt 0:00:50]} Ng6 {[%emt 0:08:31]} 11. h4 {[%emt 0:05:57]} Be6 {[%emt 0:05:05]} 12. h5 {[%emt 0:02:27]} Ne7 {[%emt 0:00:07]} 13. exd4 {[%emt 0:24:31]} exd4 {[%emt 0:01:54]} 14. Be2 {[%emt 0:05:02]} Nbc6 {[%emt 0:03:58]} 15. O-O {[%emt 0:01:48]} Nd5 {[%emt 0:03:01]} 16. a3 {[%emt 0:12:40]} Qh4 {[%emt 0:07:42]} 17. Bf3 {[%emt 0:30:55]} Rae8 {[%emt 0:02:28]} 18. cxb6 {[%emt 0:00:00]} axb6 {[%emt 0:02:58]} 19. Re1 {[%emt 0:00:00]} Bf7 {[%emt 0:01:42]} 20. g3 {[%emt 0:00:00]} Qg5 {[%emt 0:00:53]} 21. b5 {[%emt 0:00:00]} Na5 {[%emt 0:04:11]} 22. a4 {[%emt 0:00:00]} Rxe1+ {[%emt 0:06:44]} 23. Qxe1 {[%emt 0:00:00]} f4 {[%emt 0:00:58]} 24. Na3 {[%emt 0:00:00]} Re8 {[%emt 0:00:43]} 25. Qf1 {[%emt 0:00:00]} fxg3 {[%emt 0:00:28]} 26. Qg2 {[%emt 0:00:50]} gxf2+ {[%emt 0:00:52]} 27. Nxf2 {[%emt 0:00:06]} Qxg2+ {[%emt 0:01:16]} 28. Kxg2 {[%emt 0:00:46]} Nb3 {[%emt 0:00:52]} 29. Rd1 {[%emt 0:01:47]} Nf4+ {[%emt 0:00:07]} 30. Kg3 {[%emt 0:00:37]} Nxh5+ {[%emt 0:00:29]} 31. Kh4 {[%emt 0:00:25]} Bf6+ {[%emt 0:00:38]} 32. Kg4 {[%emt 0:01:10]} Ng7 {[%emt 0:01:25]} 33. Kh3 {[%emt 0:01:04]} Be6+ {[%emt 0:00:39]} 34. Kg2 {[%emt 0:00:21]} Nc5 {[%emt 0:00:52]} 35. Nc2 {[%emt 0:00:38]} Nf5 {[%emt 0:00:52]} 36. Ne4 {[%emt 0:00:47]} Nxe4 {[%emt 0:00:23]} 37. Bxe4 {[%emt 0:00:01]} Kf7 {[%emt 0:00:22]} 38. Rc1 {[%emt 0:00:32]} Rg8+ {[%emt 0:00:21]} 39. Kf2 {[%emt 0:00:19]} Bh4+ {[%emt 0:00:23]} 40. Kf3 {[%emt 0:00:13]} Rg3+ {[%emt 0:00:54]} 41. Ke2 {[%emt 0:31:06]} d3+ {[%emt 0:20:04]} 42. Bxd3 {[%emt 0:00:00]} Rg2+ {[%emt 0:00:09]} 43. Kf3 {[%emt 0:00:00]} Bd5+ {[%emt 0:05:33]} 44. Kf4 {[%emt 0:00:00]} Rf2+ {[%emt 0:00:50]} 45. Ke5 {[%emt 0:00:00]} Ne7 {[%emt 0:00:27]} 46. Ne3 {[%emt 0:00:00]} Bf6# {[%emt 0:00:38]} 0-1